000 00345 a2200157 4500
001 68292
020 _a9780194400992
040 _cAnchieta - Pituba
100 _aWright, Craig
240 1 0 _aStudents in space
_leng
245 1 0 _aStudents in space
300 _a26
362 0 _a2005
650 4 _aLiteratura juvenil em inglês
942 _cBK
999 _c68292
_d68292